[Event "Madrid-ch sf-B"]
[Site "Madrid"]
[Date "2016.03.19"]
[Round "7"]
[White "Aguilera Lopez, Alejandro"]
[Black "Ruiz Sanchez, Roberto"]
[Result "1-0"]
[WhiteElo "2044"]
[BlackElo "1982"]
[PlyCount "79"]
[EventDate "2016.03.03"]
[EventType "swiss"]
[EventRounds "9"]
[EventCountry "ESP"]
[SourceTitle "EXT 2017"]
[Source "ChessBase"]
[SourceDate "2016.10.25"]
[SourceVersion "1"]
[SourceVersionDate "2016.10.25"]
[SourceQuality "1"]

1. d4 d5 2. Nf3 Nf6 3. e3 Bf5 4. c4 c6 5. Nc3 e6 6. Be2 h6 7. c5 Nbd7 8. b4 Ne4 9. Nxe4 Bxe4 10. a4 Be7 11. Qb3 0-0 12. Bb2 Re8 13. 0-0 Bf8 14. Bc3 f6 15. b5 e5 16. bxc6 bxc6 17. Qb7 Re6 18. a5 Rb8 19. Qa6 Qc7 20. Nd2 exd4 21. exd4 Rb5 22. Bxb5 Nb8 23. Nxe4 Rxe4 24. Bxc6 Rh4 25. Bxd5+ Kh8 26. g3 Nxa6 27. gxh4 Nxc5 28. Bb4 Qd8 29. Bxc5 Bxc5 30. dxc5 Qxd5 31. Rfc1 Qc6 32. Ra3 f5 33. Rg3 Kg8 34. h5 f4 35. Rg6 Qd5 36. c6 Qxh5 37. Rg2 Qf5 38. c7 Qc8 39. f3 Kf7 40. Rd2 1-0

[Event "Madrid-ch sf"]
[Site "Madrid"]
[Date "2016.02.23"]
[Round "8"]
[White "Martin Consuegra, Barrilero Javier"]
[Black "Ruiz Sanchez, Roberto"]
[Result "1-0"]
[WhiteElo "1805"]
[BlackElo "1965"]
[PlyCount "123"]
[EventDate "2016.02.08"]
[EventType "swiss"]
[EventRounds "9"]
[EventCountry "ESP"]
[SourceTitle "CBM 171 Extra"]
[Source "ChessBase"]
[SourceDate "2016.04.26"]
[SourceVersion "1"]
[SourceVersionDate "2016.04.26"]
[SourceQuality "1"]

1. Nf3 Nf6 2. c4 e6 3. g3 b6 4. Bg2 Bb7 5. 0-0 c5 6. Nc3 Be7 7. d3 0-0 8. e4 d6 9. Re1 a6 10. a3 Nc6 11. Qc2 Nd7 12. Ne2 Rc8 13. Rb1 b5 14. b3 Bf6 15. Bb2 Qc7 16. Bxf6 Nxf6 17. Qb2 Rfd8 18. Red1 Rb8 19. Qc1 Rdc8 20. Ne1 Ba8 21. Nc2 Rb6 22. Ne3 Rcb8 23. Qc2 Nd4 24. Nxd4 cxd4 25. Nf1 Nd7 26. b4 bxc4 27. dxc4 e5 28. Qa2 a5 29. Nd2 Qa7 30. b5 Nc5 31. a4 Bb7 32. Qa3 Qa8 33. Re1 f5 34. f3 Rf8 35. exf5 Rxf5 36. Ne4 Bxe4 37. fxe4 Rf8 38. Rbd1 Rb7 39. Rd2 Rbf7 40. Qa2 Qa7 41. h3 Nd7 42. Kh2 Qc5 43. Qb3 Nb6 44. Rc1 Rf2 45. Rdc2 R8f3 46. Qa2 Rxc2 47. Rxc2 Ra3 48. Qb1 Rxa4 49. Rf2 Qxc4 50. Bf1 Qc5 51. Qd1 Ra3 52. Qg4 Qc8 53. Qg5 Qd7 54. h4 Rc3 55. Bh3 Qe8 56. Be6+ Kh8 57. Qf5 h6 58. h5 Rc7 59. Qf8+ Qxf8 60. Rxf8+ Kh7 61. Bg8+ Kh8 62. Bf7+ 1-0

[Event "Madrid-ch sf"]
[Site "Madrid"]
[Date "2016.02.15"]
[Round "4"]
[White "Lozano Sanchez, Jose Antonio"]
[Black "Ruiz Sanchez, Roberto"]
[Result "1-0"]
[WhiteElo "1883"]
[BlackElo "1965"]
[PlyCount "59"]
[EventDate "2016.02.08"]
[EventType "swiss"]
[EventRounds "9"]
[EventCountry "ESP"]
[SourceTitle "CBM 171 Extra"]
[Source "ChessBase"]
[SourceDate "2016.04.26"]
[SourceVersion "1"]
[SourceVersionDate "2016.04.26"]
[SourceQuality "1"]

1. e4 c5 2. Nf3 d6 3. Bc4 Nf6 4. Nc3 a6 5. a4 Nc6 6. h3 e6 7. d3 Be7 8. 0-0 0-0 9. Bf4 b6 10. e5 dxe5 11. Nxe5 Bb7 12. Re1 Nxe5 13. Bxe5 Qd7 14. Qd2 Rad8 15. Re2 Qc6 16. f3 h6 17. Rae1 Rd7 18. Bxf6 Bxf6 19. Rxe6 Bd4+ 20. Kh1 Qc8 21. Rxb6 Qd8 22. a5 Qh4 23. Ne4 Re8 24. c3 Be5 25. Qf2 Qf4 26. g3 Qf5 27. Kg2 Bb8 28. Nf6+ gxf6 29. Rxe8+ Kg7 30. Rxb8 1-0

[Event "Madrid-ch sf-B"]
[Site "Madrid"]
[Date "2015.03.21"]
[Round "7"]
[White "Rodrigo Yanguas, Maria"]
[Black "Ruiz Sanchez, Roberto"]
[Result "1-0"]
[WhiteElo "2184"]
[BlackElo "1897"]
[PlyCount "53"]
[EventDate "2015.03.05"]
[EventType "swiss"]
[EventRounds "9"]
[EventCountry "ESP"]
[SourceTitle "CBM 165 Extra"]
[Source "ChessBase"]
[SourceDate "2015.04.21"]
[SourceVersion "1"]
[SourceVersionDate "2015.04.21"]
[SourceQuality "1"]

1. e4 c6 2. Nf3 d5 3. Nc3 dxe4 4. Nxe4 Nd7 5. Qe2 e6 6. d3 Qb6 7. g3 Ngf6 8. Bg2 Nxe4 9. dxe4 e5 10. 0-0 Be7 11. b3 0-0 12. Bb2 Qc7 13. Bh3 Bf6 14. Rad1 Re8 15. Rd2 Nf8 16. Bxc8 Raxc8 17. Rfd1 b5 18. c4 b4 19. c5 Qa5 20. Qc4 Ne6 21. Rc2 Rcd8 22. Rd6 Nd4 23. Bxd4 exd4 24. Re2 Rxd6 25. cxd6 c5 26. e5 Bd8 27. e6 1-0

[Event "Madrid-ch sf-B"]
[Site "Madrid"]
[Date "2015.03.06"]
[Round "2"]
[White "Ruiz Sanchez, Roberto"]
[Black "Lopez Ziegler, Carlos"]
[Result "1/2-1/2"]
[WhiteElo "1897"]
[BlackElo "1970"]
[PlyCount "35"]
[EventDate "2015.03.05"]
[EventType "swiss"]
[EventRounds "9"]
[EventCountry "ESP"]
[SourceTitle "CBM 165 Extra"]
[Source "ChessBase"]
[SourceDate "2015.04.21"]
[SourceVersion "1"]
[SourceVersionDate "2015.04.21"]
[SourceQuality "1"]

1. d4 d5 2. Nf3 Nf6 3. c4 c6 4. Nc3 dxc4 5. a4 Bf5 6. e3 e6 7. Bxc4 Bb4 8. 0-0 Bg6 9. Qb3 a5 10. Na2 Be7 11. Qxb7 Nbd7 12. Qb3 0-0 13. Nc3 Rb8 14. Qd1 Qc7 15. Bd3 Bh5 16. Be2 Rfd8 17. Qc2 Bg6 18. Bd3 1/2-1/2

[Event "Madrid-ch Previa-B"]
[Site "Madrid"]
[Date "2015.02.27"]
[Round "8"]
[White "Ruiz Sanchez, Roberto"]
[Black "Enfedaque Jimenez, Juan Carlos"]
[Result "1-0"]
[WhiteElo "1897"]
[BlackElo "1758"]
[PlyCount "73"]
[EventDate "2015.02.05"]
[EventType "swiss"]
[EventRounds "9"]
[EventCountry "ESP"]
[SourceTitle "EXT 2018"]
[Source "ChessBase"]
[SourceDate "2017.10.13"]
[SourceVersion "1"]
[SourceVersionDate "2017.10.13"]
[SourceQuality "1"]

1. d4 Nf6 2. c4 g6 3. Nc3 Bg7 4. e4 d6 5. Nf3 0-0 6. Be2 e5 7. 0-0 Nc6 8. d5 Ne7 9. b4 Ne8 10. Nd2 f5 11. f3 f4 12. c5 g5 13. Nc4 Ng6 14. a4 Rf7 15. Ba3 Bf8 16. Ra2 h5 17. Nb5 Nf6 18. Rc2 g4 19. Qe1 Rg7 20. Na5 g3 21. h3 Nh4 22. Qd2 Nh7 23. cxd6 Nxg2 24. Kxg2 Qh4 25. Rh1 Ng5 26. Rxc7 Bxh3+ 27. Kg1 Rg6 28. Qe1 Bxd6 29. Nxd6 Rxd6 30. Nc4 Rf6 31. Nxe5 Nxe4 32. fxe4 f3 33. Nxf3 Qxe4 34. Rxh3 h4 35. Rxh4 Qe3+ 36. Kg2 Rxf3 37. Rh8+ 1-0

[Event "Madrid-ch Previa-B"]
[Site "Madrid"]
[Date "2015.02.21"]
[Round "7"]
[White "Fernandez Rodriguez, Fernando Javier"]
[Black "Ruiz Sanchez, Roberto"]
[Result "1/2-1/2"]
[WhiteElo "1746"]
[BlackElo "1897"]
[PlyCount "39"]
[EventDate "2015.02.05"]
[EventType "swiss"]
[EventRounds "9"]
[EventCountry "ESP"]
[SourceTitle "EXT 2018"]
[Source "ChessBase"]
[SourceDate "2017.10.13"]
[SourceVersion "1"]
[SourceVersionDate "2017.10.13"]
[SourceQuality "1"]

1. d4 d5 2. c4 c6 3. Nc3 Nf6 4. e3 e6 5. Nf3 Bd6 6. b3 Nbd7 7. Be2 0-0 8. 0-0 Qe7 9. Qc2 dxc4 10. bxc4 e5 11. Bd3 Re8 12. Ng5 h6 13. Nge4 Nxe4 14. Nxe4 Bc7 15. a4 b6 16. d5 c5 17. Nc3 e4 18. Bxe4 Nf6 19. Bf3 Bg4 20. Nb5 1/2-1/2

[Event "Madrid San Viator op 23rd"]
[Site "Madrid"]
[Date "2014.11.02"]
[Round "6"]
[White "Garcia Ruiz Fuentes, Angel Marcos"]
[Black "Ruiz Sanchez, Roberto"]
[Result "1/2-1/2"]
[WhiteElo "2062"]
[BlackElo "1910"]
[PlyCount "40"]
[EventDate "2014.09.28"]
[EventType "swiss"]
[EventRounds "9"]
[EventCountry "ESP"]
[SourceTitle "EXT 2016"]
[Source "ChessBase"]
[SourceDate "2015.10.08"]
[SourceVersion "1"]
[SourceVersionDate "2015.10.08"]
[SourceQuality "1"]

1. e4 e5 2. Nf3 Nc6 3. Bb5 a6 4. Bxc6 dxc6 5. Nc3 Bc5 6. d3 Ne7 7. Nxe5 Bxf2+ 8. Kxf2 Qd4+ 9. Be3 Qxe5 10. Qf3 Ng6 11. Ke2 f5 12. d4 fxe4 13. Qxe4 Qxe4 14. Nxe4 Bg4+ 15. Kd2 0-0-0 16. Ng5 Rhf8 17. h3 Bd7 18. Rhf1 Rxf1 19. Rxf1 Rf8 20. Rxf8+ Nxf8 1/2-1/2

[Event "Mostoles op 7th"]
[Site "Mostoles "]
[Date "2014.07.21"]
[Round "6"]
[White "Garcia Ruiz Fuentes, Angel Marcos"]
[Black "Ruiz Sanchez, Roberto"]
[Result "1-0"]
[WhiteElo "2059"]
[BlackElo "1937"]
[PlyCount "57"]
[EventDate "2014.07.16"]
[EventType "swiss"]
[EventRounds "9"]
[EventCountry "ESP"]
[SourceTitle "EXT 2015"]
[Source "ChessBase"]
[SourceDate "2014.11.20"]
[SourceVersion "1"]
[SourceVersionDate "2014.11.20"]
[SourceQuality "1"]

1. e4 c6 2. d4 d5 3. e5 Bf5 4. Nc3 e6 5. g4 Bg6 6. Nge2 c5 7. h4 h6 8. Be3 Nc6 9. dxc5 Nxe5 10. Nf4 Bh7 11. Bb5+ Nc6 12. Qe2 Nf6 13. 0-0-0 Qc7 14. g5 Nd7 15. Nfxd5 Qa5 16. Nf4 0-0-0 17. g6 Bg8 18. Ne4 Qxa2 19. Bxc6 Qa1+ 20. Kd2 Ne5+ 21. Nd6+ Rxd6+ 22. cxd6 Qa5+ 23. c3 Nxc6 24. Ke1 f6 25. b4 Qf5 26. b5 Ne5 27. c4 Nxg6 28. d7+ Kd8 29. Bxa7 1-0

[Event "Madrid-ch Previa-B"]
[Site "Madrid"]
[Date "2014.03.28"]
[Round "8"]
[White "Ruiz Sanchez, Roberto"]
[Black "Lianes Garcia, Marcos"]
[Result "1-0"]
[WhiteElo "1935"]
[BlackElo "1837"]
[PlyCount "157"]
[EventDate "2014.03.06"]
[EventType "swiss"]
[EventRounds "9"]
[EventCountry "ESP"]
[SourceTitle "CBM 159 Extra"]
[Source "ChessBase"]
[SourceDate "2014.04.24"]
[SourceVersion "1"]
[SourceVersionDate "2014.04.24"]
[SourceQuality "1"]

1. e4 e6 2. d4 d5 3. Nd2 c5 4. exd5 exd5 5. Ngf3 Nc6 6. Bb5 Bd6 7. dxc5 Bxc5 8. 0-0 Nge7 9. Nb3 Bd6 10. Re1 0-0 11. c3 Bg4 12. Be2 Re8 13. Nbd4 Qb6 14. Qb3 Qxb3 15. axb3 Nxd4 16. Nxd4 Bxe2 17. Rxe2 Nc6 18. Rxe8+ Rxe8 19. Be3 Nxd4 20. Bxd4 a6 21. Kf1 Bc7 22. Rd1 f6 23. h3 Kf7 24. Be3 Rd8 25. g4 h6 26. h4 g5 27. h5 Ke7 28. Bc5+ Kf7 29. Re1 Re8 30. Rxe8 Kxe8 31. Ke2 b6 32. Bd4 Kf7 33. Kd3 Ke6 34. c4 Bd8 35. Kc3 Bc7 36. f3 Bd8 37. Kd3 Bc7 38. cxd5+ Kxd5 39. Bxf6 Be5 40. Bd8 b5 41. Kc2 Bg7 42. Ba5 Bf8 43. Bc3 b4 44. Bf6 Ke6 45. Bd4 Kd5 46. Kd3 a5 47. Bb6 Bg7 48. Bxa5 Kc5 49. Kc2 Kd4 50. Bb6+ Ke5 51. Bc7+ Kd4 52. Kd2 Kd5 53. f4 gxf4 54. Bxf4 Ke4 55. Be3 Kf3 56. g5 hxg5 57. Bxg5 Kg4 58. h6 Bxb2 59. Be7 Kh5 60. Bf8 Kg6 61. Kd3 Bc3 62. Kc4 Bd2 63. Bg7 Be1 64. Kd3 Bg3 65. Bf8 Be1 66. Ke2 Bc3 67. Bg7 Bxg7 68. hxg7 Kxg7 69. Kd3 Kf7 70. Kc4 Ke7 71. Kxb4 Kd7 72. Kb5 Kc7 73. Ka6 Kb8 74. Kb6 Ka8 75. Kc7 Ka7 76. b4 Ka6 77. Kc6 Ka7 78. b5 Kb8 79. Kb6 1-0

[Event "Madrid-ch Previa-B"]
[Site "Madrid"]
[Date "2014.03.21"]
[Round "6"]
[White "Sebastian Enesco, Alex"]
[Black "Ruiz Sanchez, Roberto"]
[Result "0-1"]
[WhiteElo "1761"]
[BlackElo "1935"]
[PlyCount "152"]
[EventDate "2014.03.06"]
[EventType "swiss"]
[EventRounds "9"]
[EventCountry "ESP"]
[SourceTitle "CBM 159 Extra"]
[Source "ChessBase"]
[SourceDate "2014.04.24"]
[SourceVersion "1"]
[SourceVersionDate "2014.04.24"]
[SourceQuality "1"]

1. e4 c6 2. Nc3 d5 3. Qf3 dxe4 4. Nxe4 Nd7 5. d4 Ndf6 6. Be3 Nxe4 7. Qxe4 Nf6 8. Qh4 Bf5 9. c3 e6 10. Nf3 Qb6 11. b3 Ne4 12. Ne5 Nxc3 13. Bc4 Bd6 14. 0-0 0-0 15. Nd7 Qd8 16. Qxd8 Rfxd8 17. Ne5 a5 18. Rfc1 Nd5 19. Bxd5 exd5 20. g4 Bxe5 21. gxf5 Bf6 22. a4 Re8 23. Rc2 Re4 24. Rd1 Rh4 25. Rb2 Be7 26. Re1 Kf8 27. Kg2 Rh5 28. Bd2 Ba3 29. Ra2 Bd6 30. f6 Rxh2+ 31. Kg1 Rh3 32. fxg7+ Kxg7 33. Rb2 Ba3 34. Rbb1 Rh4 35. Kg2 Kg6 36. Kf3 f6 37. Bf4 Rg8 38. Bc7 Bb4 39. Red1 Kf5 40. Bg3 Re4 41. Rd3 Rgg4 42. Rh1 Kg6 43. Rg1 h5 44. Rgd1 f5 45. Bc7 Kh6 46. Be5 Rh4 47. Rg1 Rh3+ 48. Rg3 Rxg3+ 49. fxg3 Kg6 50. Bf4 Be7 51. Bd2 Bf6 52. Bc3 h4 53. Bxa5 hxg3 54. Kxg3 Rxd4 55. Rxd4 Bxd4 56. Kf4 Kf6 57. Bc7 Bc3 58. Ke3 Be5 59. Bd8+ Ke6 60. Bh4 d4+ 61. Kd3 Kd5 62. b4 Bd6 63. Be1 Bh2 64. Bf2 Bd6 65. Be1 f4 66. Bd2 b6 67. a5 c5 68. a6 c4+ 69. Ke2 Bb8 70. Bxf4 Ba7 71. Kd2 Kc6 72. Ke2 Kb5 73. Kf3 Kxb4 74. Ke4 b5 75. Bc7 d3 76. Bf4 Ka5 0-1

[Event "Madrid-ch Previa-B"]
[Site "Madrid"]
[Date "2014.03.06"]
[Round "1"]
[White "Plazuelo Pascual, Juan"]
[Black "Ruiz Sanchez, Roberto"]
[Result "1-0"]
[WhiteElo "2057"]
[BlackElo "1935"]
[PlyCount "65"]
[EventDate "2014.03.06"]
[EventType "swiss"]
[EventRounds "9"]
[EventCountry "ESP"]
[SourceTitle "CBM 159 Extra"]
[Source "ChessBase"]
[SourceDate "2014.04.24"]
[SourceVersion "1"]
[SourceVersionDate "2014.04.24"]
[SourceQuality "1"]

1. d4 d5 2. c4 c6 3. Nf3 Nf6 4. e3 Bf5 5. Nc3 e6 6. Nh4 Bg6 7. Nxg6 hxg6 8. Bd2 Nbd7 9. Qb3 Qb6 10. 0-0-0 Qxb3 11. axb3 a6 12. Be2 g5 13. e4 Nxe4 14. Nxe4 dxe4 15. Bxg5 Be7 16. Be3 0-0-0 17. f3 Nf6 18. Rdf1 exf3 19. Bxf3 Bd6 20. h3 Bg3 21. Bd1 Rd7 22. Bc2 Nh5 23. Rf3 f5 24. Rd1 f4 25. Bf2 Rhd8 26. Bg6 Bxf2 27. Rxf2 Ng3 28. Re1 Rxd4 29. Rxe6 Rd1+ 30. Kc2 Nf1 31. Rxf4 R8d2+ 32. Kc3 a5 33. Rxf1 1-0

[Event "Madrid-ch"]
[Site "Madrid"]
[Date "2014.02.08"]
[Round "3"]
[White "Ruiz Sanchez, Roberto"]
[Black "Yeves Miquel, Enrique"]
[Result "1-0"]
[WhiteElo "1935"]
[BlackElo "1742"]
[PlyCount "63"]
[EventDate "2014.02.06"]
[EventType "swiss"]
[EventRounds "9"]
[EventCountry "ESP"]
[SourceTitle "CBM 159 Extra"]
[Source "ChessBase"]
[SourceDate "2014.04.24"]
[SourceVersion "1"]
[SourceVersionDate "2014.04.24"]
[SourceQuality "1"]

1. e4 c5 2. Nf3 e6 3. d4 cxd4 4. Nxd4 Nc6 5. Nc3 Qc7 6. Be2 a6 7. 0-0 Nf6 8. Be3 b5 9. Nxc6 dxc6 10. f4 Be7 11. e5 Nd5 12. Nxd5 cxd5 13. Bd3 Bc5 14. Bxc5 Qxc5+ 15. Kh1 g6 16. Qg4 h5 17. Qe2 Bb7 18. Rf3 Kd7 19. c3 Rhc8 20. Rd1 b4 21. cxb4 Qxb4 22. Bxg6 fxg6 23. Rb3 Qa5 24. Rxb7+ Rc7 25. Rxc7+ Qxc7 26. Qd3 Rc8 27. Qxg6 Qc1 28. Qf7+ Kd8 29. Qf8+ Kd7 30. Qd6+ Ke8 31. Qxe6+ Kf8 32. Qd6+ 1-0

[Event "San Sebastian de los Reyes op 15th"]
[Site "San Sebastian"]
[Date "2013.12.07"]
[Round "8"]
[White "Neila Ausin, Eva"]
[Black "Ruiz Sanchez, Roberto"]
[Result "0-1"]
[WhiteElo "1758"]
[BlackElo "1972"]
[PlyCount "32"]
[EventDate "2013.11.30"]
[EventType "swiss"]
[EventRounds "9"]
[EventCountry "ESP"]
[SourceTitle "CBM 157 Extra"]
[Source "ChessBase"]
[SourceDate "2013.12.19"]
[SourceVersion "1"]
[SourceVersionDate "2013.12.19"]
[SourceQuality "1"]

1. d4 d5 2. Nf3 Nf6 3. c4 c6 4. Nc3 dxc4 5. a4 Bf5 6. e3 e6 7. Bxc4 Bb4 8. 0-0 0-0 9. Ne2 Nbd7 10. Ng3 Bg6 11. Nh4 Qa5 12. Nxg6 hxg6 13. Be2 Rfd8 14. e4 c5 15. Be3 cxd4 16. Qxd4 Ne5 0-1

[Event "San Sebastian de los Reyes op 15th"]
[Site "San Sebastian"]
[Date "2013.12.04"]
[Round "5"]
[White "Fernandez Aransay, Fernando"]
[Black "Ruiz Sanchez, Roberto"]
[Result "1-0"]
[WhiteElo "1860"]
[BlackElo "1972"]
[PlyCount "68"]
[EventDate "2013.11.30"]
[EventType "swiss"]
[EventRounds "9"]
[EventCountry "ESP"]
[SourceTitle "CBM 157 Extra"]
[Source "ChessBase"]
[SourceDate "2013.12.19"]
[SourceVersion "1"]
[SourceVersionDate "2013.12.19"]
[SourceQuality "1"]

1. e4 c6 2. d4 d5 3. exd5 cxd5 4. Bd3 Nc6 5. c3 Nf6 6. Bf4 Bg4 7. Qb3 Qc8 8. Nd2 e6 9. Ngf3 Be7 10. 0-0 0-0 11. Qc2 Bh5 12. Ne5 Bg6 13. Nxg6 hxg6 14. Nf3 Nh5 15. Be5 a6 16. Qd2 b5 17. Rac1 Qb7 18. g4 Nf6 19. Qf4 Rad8 20. h4 Ne4 21. Bxe4 Nxe5 22. Bxd5 Qxd5 23. dxe5 Qxa2 24. h5 Qxb2 25. h6 Rd3 26. Kg2 Rxc3 27. Rcd1 Rc4 28. Nd4 g5 29. Qe3 gxh6 30. Rh1 Rc3 31. Qe4 Kg7 32. Rxh6 Rg8 33. Rh7+ Kf8 34. Qa8+ Bd8 1-0

[Event "Madrid San Viator op 21st"]
[Site "Madrid"]
[Date "2013.11.17"]
[Round "9"]
[White "Ruiz Sanchez, Roberto"]
[Black "Luque Ibanez, Manuel"]
[Result "1-0"]
[WhiteElo "1972"]
[BlackElo "2021"]
[PlyCount "61"]
[EventDate "2013.09.29"]
[EventType "swiss"]
[EventRounds "9"]
[EventCountry "ESP"]
[SourceTitle "EXT 2015"]
[Source "ChessBase"]
[SourceDate "2014.11.20"]
[SourceVersion "1"]
[SourceVersionDate "2014.11.20"]
[SourceQuality "1"]

1. e4 c5 2. Nf3 Nc6 3. d4 cxd4 4. Nxd4 Nf6 5. Nc3 e5 6. Ndb5 d6 7. Bg5 a6 8. Na3 b5 9. Bxf6 gxf6 10. Nd5 f5 11. c3 fxe4 12. Bxb5 axb5 13. Nxb5 Be7 14. Ndc7+ Kf8 15. Nxa8 Rg8 16. Qh5 Rxg2 17. Qxh7 Bh4 18. Qh8+ Rg8 19. Qh6+ Rg7 20. Rg1 Bg5 21. Qxd6+ Kg8 22. Qxd8+ Nxd8 23. Nd6 Ba6 24. Nxe4 Bh4 25. Rxg7+ Kxg7 26. Nc7 Bb7 27. Ng3 Kg6 28. Rd1 f5 29. Rd6+ Kg5 30. Rxd8 Kf4 31. Rf8 1-0